| 000 | 01233naa a22003257a 4500 | ||
|---|---|---|---|
| 001 | BR6009357 | ||
| 003 | BR-BrBNA | ||
| 005 | 20240918173011.0 | ||
| 007 | ta | ||
| 008 | 230509b bl.||||| |||| 00| 0 por d | ||
| 040 |
_aBR-BrBNA _bpor _cBiblioteca Nacional de Agricultura |
||
| 041 | _a(Pt) | ||
| 072 |
_aK10; K50 _b8905 _bG514 |
||
| 090 | _aK10 BR6009357 | ||
| 100 | 1 | _aPrimo, O.R. | |
| 111 | 1 |
_a1. Consulta sobre Economia Florestal no Brasil _cRio de Janeiro, GB (Brazil) _d27 Nov 1972 |
|
| 245 | 1 | _aDistribuicao dos reflorestamentos e localizacao das industrias siderurgicas em Minas Gerais [Producao florestal; Industria florestal; Brasil] | |
| 260 | 3 |
_aRio de Janeiro, GB (Brasil): _c1972. |
|
| 500 | _a1. Consulta sobre Economia Florestal no Brasil Rio de Janeiro, GB (Brasil): 1972. p. 135-144 (BR6009357-AM)K10 | ||
| 650 | _aProducao florestal | ||
| 650 | _aIndustria florestal | ||
| 650 | _aCarvao vegetal | ||
| 650 | _aReflorestamento | ||
| 650 | _aCombustivel | ||
| 650 | _aConsumo | ||
| 650 | _aMinas Gerais | ||
| 773 | 0 |
_t1. Consulta sobre Economia Florestal no Brasil _b _wK10 BR6009357 _gRio de Janeiro, GB (Brasil), 1972. p. 135-144 |
|
| 909 |
_a202404 _bLucia _c55 _dLucia Elande |
||
| 942 |
_cAM _2AGRIS |
||
| 999 |
_c302442 _d302442 |
||